00455nam a2200193 a 4500001001300000003000900013005001700022008004100039020001000080082001500090100001600105245002500121260003200146300000800178500003500186505001000221650001400231700001600245nice12345678IN_TiNIC20260116011939.0050524s1940 lona grp 000 0 eng  ac10000a232.3bHAR aHarton, F P aMystery of the Cross aLondonbMobray and Coc1940 a80p aincludes index and biblioraphy2 aIndex aAtonement1 aHarton, F P